Die Hof Verdaag / (Record no. 51)

MARC details
000 -LEADER
fixed length control field 00485nam a22001697a 4500
005 - DATE AND TIME OF INPUT
control field 20231025122024.0
008 - DATA ELEMENTS--GENERAL INFORMATION
fixed length control field 231025b |||||||| |||| 00| 0 eng d
020 ## - INTERNATIONAL STANDARD BOOK NUMBER
International Standard Book Number 0620364009
082 ## - SHELF NUMBER
DDC number 347.1 KEE
100 ## - MAIN AUTHOR
Main author's name van Dijkhorst, K
Language of a work Afrikaans
245 ## - TITLE STATEMENT
Title Die Hof Verdaag /
Statement of responsibility, etc. K van Dijkhorst
250 ## - EDITION STATEMENT
Edition statement Eerste Uitgawe
260 ## - PUBLICATION, DISTRIBUTION, ETC.
Place of publication, distribution, etc. Pretoria :
Name of publisher, distributor, etc. Nandi,
Date of publication, distribution, etc. 2006
300 ## - PHYSICAL DESCRIPTION
Other physical details iii, 149 pages ;
Dimensions 22 cm.
650 ## - SUBJECT`
Broad subject Legal practice
Own subject terms Law
942 ## - ADDED ENTRY ELEMENTS (KOHA)
Item type Books
942 ## - ADDED ENTRY ELEMENTS (KOHA)
-- ALISON_BN_VRIES
Holdings
Source of classification or shelving scheme Not for loan Collection code Home library Current library Shelving location Date acquired Full call number Barcode Price effective from Koha item type
Dewey Decimal Classification   TEXT BOOKS LAW SOCIETY OF NAMIBIA LIBRARY - WINDHOEK LAW SOCIETY OF NAMIBIA LIBRARY - WINDHOEK Civil Procedure and Court 10/25/2023 347.1 KEE LSN/2007/5 10/25/2023 Books